[Event "Olympiad-36"]
[Site "Mallorca"]
[Date "2004.10.19"]
[Round "5"]
[White "Grischuk, Alexander"]
[Black "Ftacnik, Lubomir"]
[Result "1-0"]
[WhiteElo "2704"]
[BlackElo "2533"]
[Annotator "Ftacnik,L"]
[PlyCount "59"]
[EventDate "2004.10.15"]
[EventType "team-swiss"]
[EventRounds "14"]
[EventCountry "ESP"]
[SourceTitle "CBM 104"]
[Source "ChessBase"]
[SourceDate "2005.01.27"]
[SourceVersion "1"]
[SourceVersionDate "2005.01.27"]
[SourceQuality "1"]
[WhiteTeam "Russia"]
[BlackTeam "Slovakia"]
[WhiteTeamCountry "RUS"]
[BlackTeamCountry "SVK"]

1. e4 c5 2. Nf3 d6 3. d4 cxd4 4. Nxd4 Nf6 5. Nc3 a6 6. Be3 e5 7. Nb3 Be6 8. Qd2
Be7 9. f3 Nbd7 10. g4 O-O 11. O-O-O Rc8 12. Kb1 Nb6 13. h4 Qc7 {During the
game I became convinced, that Black can hardly effort to push 13...d5.} (13...
d5 14. g5 (14. Bxb6 $5 Qxb6 15. g5 Nh5 (15... d4 $2 16. Na4 Qc6 17. gxf6 Bxb3 (
17... gxf6 18. Rg1+ Kh8 19. Nac5 Bxc5 20. Qh6 $18) 18. cxb3 Qxf6 19. b4 Qxf3
20. Bd3 $16) 16. exd5 Bf5 17. Bd3 Bxd3 18. Qxd3 $14) 14... d4 15. gxf6 Bxf6 16.
Nxd4 (16. Bg5 dxc3 17. Qxd8 Bxd8 18. Rd6 Na4 19. bxc3 Bxg5 20. hxg5 Rxc3 {
0-1 Mrochen,M-Pupo,E/Dos Hermanas 2004/ (32)}) 16... exd4 17. Bxd4 Bxd4 18.
Qxd4 Qxd4 19. Rxd4 Rfd8 20. Rxd8+ Rxd8 21. Bd3 g6 22. Kc1 {1-0 Szalanczy,
E-Danner,G/Dortmund 1992/ (60)}) 14. h5 h6 $2 (14... Nfd7 15. g5 f5 (15... Nc4
16. Bxc4 Qxc4 17. g6 Nf6 18. h6 fxg6 19. Rdg1 gxh6 20. Bxh6 Rfd8 21. Bg5 Rd7
22. Ne2 d5 {0-1 Molina Ballester,S-Larios Crespo,M/Cullera 2004/ (35)}) 16.
gxf6 Nxf6 17. f4 exf4 18. Bxb6 Qxb6 19. Bh3 Bxh3 20. Rxh3 Kh8 21. Qxf4 Nd7 22.
Qg4 Ne5 23. Qe6 {1-0 Sadvakasov,D-Alekseev,E/Skanderborg 2003/ (35)}) 15. g5
hxg5 16. Bxg5 d5 17. Rg1 {The open g file is a dream for White Sicilian player,
Grischuk will realise his huge advantage very efficiently.} (17. Bxf6 $2 Bxf6
18. exd5 Nxd5 $11) (17. h6 g6 18. Bxf6 Bxf6 19. exd5 Nxd5 20. Ne4 Be7 $11)
17... Rfd8 (17... d4 18. Bxf6 $1 (18. Bh6 dxc3 19. Rxg7+ (19. Qg2 Ng4 20. Be3
Na4 21. fxg4 cxb2 $19) 19... Kh8 20. Qg2 Rg8 21. Bd3 Na4 $19) 18... Bxf6 19.
Qh6 Qe7 (19... dxc3 20. Qxf6 $18) 20. Rd2 $1 dxc3 (20... g6 21. hxg6 fxg6 22.
Rxg6+ Kf7 23. Qh5 Qc7 24. Nd5 Bxd5 25. exd5 Ke7 26. Nxd4 $18) 21. Rdg2 g6 22.
hxg6 fxg6 23. Qxg6+ Qg7 24. Qxg7+ Bxg7 25. Rxg7+ Kh8 26. R7g6 $18) 18. Bd3 d4
19. Nd5 $1 {[%mdl 128] This knight jump slows down Black's counterplay and
opens up additional routes towards Black king.} Bxd5 (19... Nfxd5 20. exd5 Nxd5
21. Bh6 Bf6 22. Bxg7 Bxg7 23. h6 Nf4 24. Rxg7+ Kf8 25. Rh1 $16) (19... Nbxd5
20. exd5 Bxd5 21. Bh6 Nxh5 22. Qh2 Bxf3 23. Bxg7 Bd6 24. Bh6+ Kh8 25. Bg5 $18)
20. exd5 Nbxd5 (20... Nfxd5 21. Bh6 Bf6 22. Bxg7 Bxg7 23. h6 Ne3 24. Rxg7+ Kf8
25. Rdg1 $18) 21. Bh6 Ne8 (21... Bf8 22. Bxg7 (22. Qg5 Ne8 23. Qf5 Ndf6 24. Bg5
$16) 22... Bxg7 23. Qh6 Ne8 24. Rxg7+ Nxg7 25. Rg1 Kf8 26. Rxg7 (26. Bf5 Ne3
27. Qxg7+ Ke7 28. Qg5+ Ke8 29. h6 $16) 26... Rd6 27. Qg5 Nf6 28. h6 $18) 22.
Bxg7 Nxg7 23. h6 Bf6 24. hxg7 Bxg7 (24... Nf4 25. Bh7+ $1 Kxh7 26. g8=Q+ Rxg8
27. Qh2+ $18) (24... e4 25. Qh6 $18) 25. Qh6 f6 26. Nc5 $1 {Fine move that
underlines the fact, that Black is completely helpless against simple
improvement of White's pieces.} Rd6 27. Qh7+ Kf8 28. Bc4 Re8 (28... Qxc5 29.
Rxg7 Nc3+ 30. Ka1 $18) 29. Ne4 (29. Rg6 Qf7 30. Rdg1 $18) 29... Re7 30. Bxd5 (
30. Bxd5 Rxd5 31. Nxf6) 1-0

[Event "Olympiad-36"]
[Site "Mallorca"]
[Date "2004.10.25"]
[Round "10"]
[White "Dorfman, Josif D"]
[Black "Grischuk, Alexander"]
[Result "1/2-1/2"]
[WhiteElo "2596"]
[BlackElo "2704"]
[PlyCount "26"]
[EventDate "2004.10.15"]
[EventType "team-swiss"]
[EventRounds "14"]
[EventCountry "ESP"]
[SourceTitle "CBM 104"]
[Source "ChessBase"]
[SourceDate "2005.01.27"]
[SourceVersion "1"]
[SourceVersionDate "2005.01.27"]
[SourceQuality "1"]
[WhiteTeam "France"]
[BlackTeam "Russia"]
[WhiteTeamCountry "FRA"]
[BlackTeamCountry "RUS"]

1. Nf3 d5 2. d4 Nf6 3. c4 c6 4. cxd5 cxd5 5. Nc3 Nc6 6. Bf4 Bf5 7. e3 e6 8. Bd3
Bxd3 9. Qxd3 Bd6 10. Bxd6 Qxd6 11. O-O O-O 12. Rac1 Rfc8 13. h3 h6 1/2-1/2

[Event "Olympiad-36"]
[Site "Mallorca"]
[Date "2004.10.27"]
[Round "12"]
[White "Jobava, Baadur"]
[Black "Grischuk, Alexander"]
[Result "1-0"]
[WhiteElo "2614"]
[BlackElo "2704"]
[Annotator "Huebner,R"]
[PlyCount "51"]
[EventDate "2004.10.15"]
[EventType "team-swiss"]
[EventRounds "14"]
[EventCountry "ESP"]
[SourceTitle "CBM 104"]
[Source "ChessBase"]
[SourceDate "2005.01.27"]
[SourceVersion "1"]
[SourceVersionDate "2005.01.27"]
[SourceQuality "1"]
[WhiteTeam "Georgia"]
[BlackTeam "Russia"]
[WhiteTeamCountry "GEO"]
[BlackTeamCountry "RUS"]

1. d4 d5 2. c4 c6 3. Nf3 Nf6 4. Nc3 dxc4 5. a4 Bf5 6. Ne5 Nbd7 7. Nxc4 Qc7 8.
g3 e5 9. dxe5 Nxe5 10. Bf4 Nfd7 11. Bg2 g5 12. Bxe5 Nxe5 13. Qd4 f6 (13... Nxc4
{ist nicht genügend:} 14. Qxh8 O-O-O 15. O-O Nd2 16. Rfd1 Be7 17. Qg7 Bc2 18.
Qxf7 $18 {1-0 Erdos,V-Banusz,T/Budapest 2003/CBM 96 ext (36). (35)}) 14. O-O-O
{Dies ist ein neuer Zug. Die Vorgängerpartie brachte kein überzeugendes
Ergebnis für Weiß:} (14. Nxe5 Qxe5 ({Die Fortsetzung} 14... fxe5 15. Qe3 Be7
16. Be4 {führt zu beträchtlichem positionellen Vorteil für Weiß.}) 15. Qxe5+
fxe5 16. O-O (16. Be4 Be6 17. O-O-O $11 {war unabdingbar; Weiß kann dann das
Feld b3 kontrollieren.}) 16... O-O-O 17. Be4 Be6 $15 {0-1 Wang Lei-Zhukova,N/
Shenyang 2000/CBM 79/[Huebner,R] (46). (46)}) 14... Be7 (14... Nxc4 15. Qxc4
Bd6 16. Ne4 Bxe4 17. Qxe4+ {ist unbequem für Schwarz.}) 15. Ne3 Be6 16. Qe4 Bb3
17. Rd2 O-O {Damit setzt sich Schwarz natürlich erheblichen Gefahren aus.} (
17... Rd8 18. Rxd8+ Qxd8 (18... Kxd8 19. Qd4+ Nd7 20. Qxa7 Bc5 21. Qa8+ Qc8 (
21... Nb8 22. Ne4 {ist nicht aussichtsreicher für Schwarz.}) 22. Qxc8+ Kxc8 23.
Ned1 Nb6 24. Ne4 Be7 25. Ne3 Nxa4 26. h4 {überläßt dem Weißen das etwas
bequemere Spiel:} gxh4 27. Nf5)) 18. h4 ({Die Fortsetzung} 18. f4 Ng6 19. Nf5
Rae8 {braucht Schwarz nicht zu fürchten.}) 18... gxh4 $2 {Schwarz muß sofort
seine Figuren aktivieren. Nach} (18... Bc5 19. hxg5 fxg5 20. Ng4 Nxg4 21. Qxg4
Bxf2 22. Qxg5+ (22. Be4 Be3 {ist ungenügend für Weiß, weil} 23. Rxh7 {mit} Rf1+
24. Nd1 Rxd1# {beantwortet wird.}) 22... Qg7 {steht er nicht schlechter.}) 19.
Qxh4 Rf7 (19... Bc5 20. Ng4 Nxg4 21. Qxg4+ Qg7 22. Qf5 {ist auch kein
Honiglecken für Schwarz, zum Beispiel:} Bb6 23. a5 Bc7 24. Rh4 Bf7 25. a6 bxa6
26. Be4 Bg6 27. Qe6+ Qf7 28. Qxf7+ Bxf7 29. Bxh7+ Kg7 30. Rd7 Bb6 31. Bf5 {
und Weiß gewinnt.}) 20. Nf5 Kh8 (20... Bf8 {verspricht nicht mehr:} 21. Ne4 Bd5
22. Ne3 Ng6 (22... Bxe4 23. Bxe4 Kh8 24. f4 {ist ebenfalls hoffnungslos für
Schwarz.}) 23. Nxf6+ Kh8 24. Qg5 {, und Weiß gewinnt.}) 21. Be4 Raf8 $6 ({
Zäher ist} 21... Bb4 {, obwohl Weiß nach} 22. Nh6 Rg7 23. Qxf6 ({Das Abspiel} 
23. Bxh7 Bxc3 24. Nf7+ Nxf7 25. bxc3 Qe5 26. Bc2+ Kg8 27. Bxb3 Qxc3+ 28. Bc2
Qa1+ 29. Bb1 b5 {ist nicht klar.}) 23... Rf8 24. Nf7+ Qxf7 25. Qxe5 Kg8 26. Rh4
{auf Gewinn sthen dürfte.}) 22. f4 $18 Nc4 23. Ng7 Rxg7 24. Bxh7 f5 25. Qh5 Bh4
26. Bxf5+ 1-0

[Event "RUS Fed Internet Cup Final 5'"]
[Site "chessassistantclub.com INT"]
[Date "2004.12.28"]
[Round "7"]
[White "Van Wely, Loek"]
[Black "Grischuk, Alexander"]
[Result "1-0"]
[WhiteElo "2681"]
[BlackElo "2704"]
[PlyCount "73"]
[EventDate "2004.12.28"]
[EventType "tourn (blitz)"]
[EventRounds "19"]
[EventCountry "RUS"]
[EventCategory "15"]
[SourceTitle "CBM 104 Extra"]
[Source "ChessBase"]
[SourceDate "2005.03.01"]
[SourceVersion "1"]
[SourceVersionDate "2005.03.01"]
[SourceQuality "1"]

1. Nf3 Nf6 2. c4 b6 3. Nc3 Bb7 4. g3 c5 5. Bg2 g6 6. O-O Bg7 7. d4 cxd4 8. Qxd4
d6 9. Rd1 Nbd7 10. Be3 a6 11. Rac1 Rc8 12. b3 O-O 13. Qh4 Rc7 14. Bh3 Qb8 15.
g4 e6 16. g5 Nh5 17. Bg4 b5 18. Bxh5 gxh5 19. Qxh5 bxc4 20. b4 Bxf3 21. exf3
Qxb4 22. Bf4 Rc6 23. Ne4 d5 24. Nf6+ Nxf6 25. gxf6 Bxf6 26. Kh1 Kh8 27. Rg1 Qe7
28. Bh6 Rcc8 29. Rg3 Rg8 30. Rh3 Qd8 31. Bf8 Bh4 32. Rxh4 Qxh4 33. Qxh4 Rcxf8
34. Qf6+ Rg7 35. Rg1 Rfg8 36. h4 h5 37. Rg5 1-0

[Event "RUS Fed Internet Cup Final 5'"]
[Site "chessassistantclub.com INT"]
[Date "2004.12.28"]
[Round "13"]
[White "Dobrov, Vladimir"]
[Black "Grischuk, Alexander"]
[Result "1/2-1/2"]
[WhiteElo "2487"]
[BlackElo "2704"]
[PlyCount "77"]
[EventDate "2004.12.28"]
[EventType "tourn (blitz)"]
[EventRounds "19"]
[EventCountry "RUS"]
[EventCategory "15"]
[SourceTitle "CBM 104 Extra"]
[Source "ChessBase"]
[SourceDate "2005.03.01"]
[SourceVersion "1"]
[SourceVersionDate "2005.03.01"]
[SourceQuality "1"]

1. d4 Nf6 2. c4 e6 3. Nc3 Bb4 4. Qc2 O-O 5. a3 Bxc3+ 6. Qxc3 b6 7. Nf3 Bb7 8.
e3 d5 9. Be2 Nbd7 10. O-O c5 11. b3 cxd4 12. Qxd4 Nc5 13. Rb1 dxc4 14. Bxc4
Bxf3 15. Qxd8 Rfxd8 16. gxf3 Nd3 17. Rd1 Nxc1 18. Rbxc1 Kf8 19. Kf1 Rxd1+ 20.
Rxd1 Rc8 21. Ke2 Ke7 22. f4 Rc5 23. Kf3 Ne8 24. Rd4 Nd6 25. Be2 Rc3 26. Rd3 Rc1
27. a4 g6 28. Rd4 Rc3 29. Rd3 Rxd3 30. Bxd3 a5 31. e4 Nb7 32. Ke3 Nc5 33. Bc2
f6 34. e5 f5 35. Kd4 Kd7 36. Kc4 Kc7 37. Kc3 Kc6 38. Kc4 Kc7 39. Kc3 1/2-1/2

[Event "RUS Fed Internet Cup Final 5'"]
[Site "chessassistantclub.com INT"]
[Date "2004.12.28"]
[Round "19"]
[White "Vlassov, Nikolai"]
[Black "Grischuk, Alexander"]
[Result "0-1"]
[WhiteElo "2492"]
[BlackElo "2704"]
[PlyCount "150"]
[EventDate "2004.12.28"]
[EventType "tourn (blitz)"]
[EventRounds "19"]
[EventCountry "RUS"]
[EventCategory "15"]
[SourceTitle "CBM 104 Extra"]
[Source "ChessBase"]
[SourceDate "2005.03.01"]
[SourceVersion "1"]
[SourceVersionDate "2005.03.01"]
[SourceQuality "1"]

1. e4 e5 2. Bc4 Nf6 3. d3 Nc6 4. Nf3 Bc5 5. Bg5 d6 6. Nc3 Na5 7. Nd5 Nxc4 8.
dxc4 c6 9. Nxf6+ gxf6 10. Bh4 Rg8 11. O-O Bh3 12. Ne1 Bg4 13. Qd3 Qe7 14. Kh1
O-O-O 15. f3 Be6 16. c3 Rg6 17. b4 Bb6 18. a4 d5 19. cxd5 cxd5 20. a5 Bc7 21.
a6 b6 22. Qb5 Qd7 23. Qe2 Qc6 24. Rc1 Qc4 25. Qxc4 dxc4 26. Rf2 Rd7 27. g4 Bd8
28. Bg3 Be7 29. Nc2 Rg8 30. Na3 Rgd8 31. Nb5 Rd1+ 32. Rxd1 Rxd1+ 33. Kg2 Bd7
34. Na3 b5 35. Ra2 Rd3 36. Nb1 Bd8 37. Bf2 Kb8 38. h3 Bc8 39. Bc5 Bc7 40. Kf2
Bd6 41. Bxd6+ Rxd6 42. Ra5 Bd7 43. Na3 Rb6 44. Ke3 Kc7 45. h4 h6 46. Nc2 Bc8
47. Na3 Kc6 48. Kf2 Rxa6 49. Nc2 Kb6 50. Rxa6+ Kxa6 51. Ne3 Be6 52. Kg3 Kb6 53.
f4 exf4+ 54. Kxf4 a5 55. bxa5+ Kxa5 56. Nc2 Ka4 57. Nd4 b4 58. cxb4 Kxb4 59. e5
fxe5+ 60. Kxe5 Bxg4 61. Kf6 Be6 62. h5 c3 63. Kg7 Kc4 64. Nc2 Bf5 65. Ne3+ Kd3
66. Nxf5 c2 67. Nxh6 c1=Q 68. Nxf7 Qg1+ 69. Kh7 Qf2 70. Kg7 Qg3+ 71. Kh7 Ke4
72. h6 Kf5 73. Nh8 Kf6 74. Nf7 Kxf7 75. Kh8 Qg8# 0-1

[Event "Corus"]
[Site "Wijk aan Zee"]
[Date "2005.01.23"]
[Round "8"]
[White "Grischuk, Alexander"]
[Black "Leko, Peter"]
[Result "1/2-1/2"]
[WhiteElo "2710"]
[BlackElo "2749"]
[Annotator "Golod,V"]
[PlyCount "125"]
[EventDate "2005.01.15"]
[EventType "tourn"]
[EventRounds "13"]
[EventCountry "NED"]
[EventCategory "19"]
[SourceTitle "CBM 105"]
[Source "ChessBase"]
[SourceDate "2005.04.11"]
[SourceVersion "1"]
[SourceVersionDate "2005.04.11"]
[SourceQuality "1"]

1. d4 Nf6 2. c4 e6 3. Nc3 Bb4 4. Qc2 O-O 5. a3 Bxc3+ 6. Qxc3 b6 7. Nf3 Bb7 8.
e3 d6 9. Be2 Nbd7 10. O-O Qe7 {Black try to play this variation without a this
quiet move:} (10... Ne4 $5 {You can see my comments to Postny,E-Psakhis,L/
Tel-Aviv/Modiin,2000/CBM 81(1/2-1/2)(25)}) 11. b4 c5 12. Bb2 {Now with
rearrangement of moves we receive a position from a game: Kramnik,V-Karpov,A/
Prague,2002} Rfc8 ({It deserves serious attention:} 12... Rfd8 $5 {See
comments to Gurevich,M-Rozentalis,E/Belfort,1997/CBM 62(1/2-1/2)(Ribli,Z)(46)})
13. Rfd1 (13. dxc5 $143 {This move does not put the large problems for Black.
For further details,you can see my comments to Kramnik,V-Karpov,A/Prague,2002/
CBM 89(1/2-1/2)(25)}) 13... a5 $5 ({Once was checked in the preceding game:} 
13... a6 14. bxc5 bxc5 15. Qa5 Rab8 16. Bc3 Ne4 17. Be1 Qd8 18. Qxd8+ Rxd8 19.
Ba5 Rdc8 20. Ne1 Kf8 21. f3 Nef6 22. Rab1 Ke7 23. Kf2 {+/=/= Stoyanov,
P-Lingnau,C/Muenster,2000(1/2-1/2)(44)}) 14. Qb3 $146 {According to my
database it's a novelty.In previous game White chose:} (14. dxc5 bxc5 $5 (14...
axb4 15. axb4 dxc5 {+/=/=}) 15. b5 a4 16. Nd2 e5 17. Qc2 Nb6 18. Rac1 Rd8 19.
Bf1 Qe6 20. h3 Nbd7 21. Re1 e4 $13 {Hort,V-Hoeksema,H/Hoogeveen,2003(1/2-1/2)
(58)}) 14... Ra7 $5 {Peter Leko support a pressure at the centre,fairly does
not want to exchange the PP and prepare for opening <->a.} 15. Nd2 Rca8 {
This move is compels of White,early or late, to exchange the rooks.Basically,
the correct direction of actions - than is less pieces,the less problems.} 16.
f3 (16. bxc5 $143 bxc5 {and Black,at cases,first grasp <->b.}) 16... axb4 17.
axb4 Bc6 {/\Ba4} 18. Rxa7 Rxa7 19. Ra1 $5 ({Hardly,it was necessary to keep
one pair of rooks:} 19. b5 Bb7 {[%cal Gd6d5]} 20. e4 cxd4 21. Bxd4 e5 22. Bf2
Nc5 23. Qc3 Nh5 $1 $11 {/\Nf4}) 19... Rxa1+ 20. Bxa1 Qd8 21. Qa3 ({On:} 21. e4
{the contender always can react by the following way:} e5) 21... Ne8 {Black do
not want to exchange the queens,while White have not played "e4".} (21... Qa8
$143 22. Qxa8+ Bxa8 23. Bc3 {+/=/=}) 22. e4 {+/=/=} e5 23. b5 Qa8 $1 {Now most
suitable moment to make this move.} 24. Qxa8 Bxa8 25. d5 {White completely has
closed the centre and now not clearly how to punch a position of the contender.
} (25. dxe5 $5 dxe5 26. Nf1 Nc7 27. Ne3 Ne6 28. Nd5 Nd4 29. Bf1 {with the idea
to translate B to /^c8-h3 (Kf2,g3 and Bh3).}) 25... Bb7 26. g3 f6 27. f4 {
The moving of pawn "f" -perhaps,sole way to struggle for a victory.In my
opinion,this continuation is better,than:} (27. Bf1 {/\Bh3} Kf7 28. Bh3 Ke7)
27... Kf7 28. Bg4 Nf8 {[%csl Yf8][%cal Yf8e6] It's necessary to cover all
fields of intrusion.} 29. Nb1 Ke7 30. Nc3 Nc7 {[%csl Yc7][%cal Yc7a8,Ya8b6,
Ye7d8,Gb7c8] The knight should be ready to sending on a field "a8" for
protection of Pb6 and the king moves on a field "d8" for purpose of exchange
of bishops(Bc8).} 31. Kf2 Kd8 32. Na4 Na8 33. Bc3 Bc8 34. Bf3 {The correct
decision!After exchange of the bishops:} (34. Bxc8 Kxc8 35. Kf3 Kd7 {White
lose the last chances to win this game.}) 34... Bd7 35. Nb2 Nc7 36. Na4 {
Sometimes it's desirable to repeat the moves and,at the same time,to hold a
position up to 41-th move!} Na8 37. Ke3 Ke7 38. Nb2 Nc7 39. Na4 Na8 40. h4 Kf7
{Peter Leko confidently and quietly protects this position.} 41. Nb2 Nc7 42.
Bd2 Ng6 {[%csl Rh4][%cal Ge5f4]} 43. Be1 {[%csl Ye1]} Ke7 44. Be2 Nf8 {Black
don't have any clear plan, they wait and prepare for active actions on the
part of White.} 45. Kf3 Be8 46. Kf2 Ng6 47. Ke3 Nf8 48. Bf2 Bd7 {The defense
of Black is impenetrable!} 49. Kd2 Ng6 50. Ke3 Nf8 51. Kf3 {For last moves the
position has not changed.} Be8 52. Kg2 Bd7 53. Be3 h6 $11 {Black,on any case,
take under the control a point "g5".} 54. Bf2 Bc8 55. Kf3 Bd7 56. Be1 Be8 57.
Ke3 Bd7 58. Nd3 Ne8 59. Bc3 Ng6 60. Bh5 Nh8 61. Bb2 g6 62. Be2 Nf7 {Black have
found the new drawn rack.} 63. h5 ({After:} 63. h5 g5 {the position is
completely closed and drawn game is inevitable.}) 1/2-1/2